• 首页
  • 本馆介绍
  • 公告通知
  • 最新文献
  • 馆藏检索
  • 电子资源
  • 读者导购
  • 参考咨询
  • 我的图书馆
  • 登录
  • 详细信息显示
  • 放入我的书架
  • 预约/预借图书
  • 作者相关作品
  • 分类相关作品
  • 丛书相关作品
  • 出版社相关作品

书目信息

  • 表格格式
  • 工作单格式
  • 卡片格式
题名:
工程材料及机械制造基础
    
 
作者: 戴枝荣 主编
分册: Ⅰ   工程材料
出版信息: 北京   高等教育出版社  1992.4
页数: 181页
开本: 26cm
丛书名:
单 册:
中图分类: TB3
科图分类:
主题词: 工程材料--高等学校--教材 , 机械制造--高等学校--教材 , 工程材料
电子资源:
ISBN: 7-04-003807-2
000 00951nam0 2200277 45
001 0192000670
005 20061009143404.78
010    @a7-04-003807-2@dCNY10.10
100    @a19921012d1992 em y0chiy0121 ea
101 0  @achi
102    @aCN@b110000
105    @ay z 000yy
200 10 @a工程材料及机械制造基础@AGONG CHENG CAI LIAO JI JI XIE ZHI ZAO JI CHU@hⅠ@i工程材料@IGONG CHENG CAI LIAO@f戴枝荣主编@FDAI ZHI RONG ZHU BIAN
210    @a北京@c高等教育出版社@d1992.4
215    @a181页@d26cm
300    @a高等学校教材 机械类各专业
314    @a戴枝荣,东南大学任教
330    @a本书包括工程材料、热加工工艺基础、机械加工工艺基础等3部分。
540 1  @a工程 材料 机械 制造@AGONG CHENG CAI LIAO JI XIE ZHI ZAO
606    @a工程材料@x高等学校@x教材
606    @a机械制造@x高等学校@x教材
606 0  @a工程材料
690    @aTB3@v3
701  0 @a戴枝荣@ADAI ZHI RONG@4主编
801  0 @aCN@bTSSF@c20061009
905    @a10447@dTB3@e134:1
    
    工程材料及机械制造基础.Ⅰ.工程材料/戴枝荣主编.-北京:高等教育出版社,1992.4
    181页;26cm
    高等学校教材 机械类各专业
    
    ISBN 7-04-003807-2:CNY10.10
    本书包括工程材料、热加工工艺基础、机械加工工艺基础等3部分。
●
相关链接 在E读中查询图书 在五车中查询图书 在当当中查询图书 在豆瓣中查询图书


正题名:工程材料及机械制造基础     索取号:TB3/134:1         预约/预借

序号 登录号 条形码 馆藏地/架位号 状态 备注
1 0494319   204943197   密集书库/ [索取号:TB3/134:1] 在馆    
唐山师范学院图书馆 欢迎您!
大连网信软件有限公司© 版权所有